| 000 | 00456nam a2200157 i 4500 | ||
|---|---|---|---|
| 001 | 71724 | ||
| 003 | ES-MaACL | ||
| 007 | t| | ||
| 008 | 040817q19401949sp ||||1| spa d | ||
| 245 | 0 | 0 | _aGestión de créditos y cobro. |
| 250 | _a1ª ed. | ||
| 260 |
_aMadrid : _bEscuelas Internacionales, _c[194-?] ( _fBenzal) |
||
| 300 |
_a74 p. ; _c22 cm. |
||
| 500 | _aTexto especialmente preparado para Cátedra a distancia. | ||
| 852 |
_aES-MaACL _jE-3574 _bR.34798 |
||
| 999 |
_c71724 _d71724 |
||